| 000 | 00772nam a2200205 a 4500 | ||
|---|---|---|---|
| 003 | 0 | ||
| 005 | 20250226152656.0 | ||
| 008 | 100827s19uu xx 00 eng d | ||
| 050 |
_aPGS SF 98 _b.Se477 2010 |
||
| 100 | _aSenica, Elena Matea Guillermo. | ||
| 245 |
_aThe use of home-made & commercial chicken feed / _cElena Matea Guillermo Senica. |
||
| 260 |
_aLas PiƱas City, Philippines : _bSouthville International School and Colleges, _c2010. |
||
| 300 |
_aUnnumbered pages : _bcolored illustrations ; _c28 cm. |
||
| 504 | _aIncludes bibliographical references. | ||
| 650 |
_aPoultry _vFeeding and feeds . |
||
| 650 |
_aChicken feed _vComparison . |
||
| 650 |
_aBroilers (Chickens) _vGrowth. |
||
| 650 |
_aHomemade poultry feed _vEffectiveness. |
||
| 942 |
_2lcc _cPASS |
||
| 999 |
_c98364 _d98364 |
||